00696nam a2200157Ia 4500008004100000100003000041245014100071245007900212260005300291260001800344300000800362650001500370856006100385999001900446952007300465170221s9999 xx 000 0 und d aBambang Moertono Setiawan aEffect of Organizational Structure, Leadership and Trust on Job Performance of Employee:A Case Study on Employee at Universitas Ternama  cBambang Moertono Setiawan, I. Made Putrawan, Syliviana Murni, Imam Ghozali bInternational Review of Management and Marketing cDecember 2015 a4:3 xMarketing. uhttp://www.econjournals.com/index.php/irmm/issue/view/88 c310114d310114 001040aCLbCLd2017-02-21l0r2017-02-21 00:00:00w2017-02-21yFOJ